000 01031cam a22003017a 4500
003 CHAP
005 20220329140019.0
008 971013s1978 r 00010 d
010 _a45562
011 _a46534
035 _a50675
040 _cCHAP
082 _a630.371
_bU33
110 _aUACH. Departamento de Planeación y Evaluación Curricular
_9115882
245 0 _aTaller de planeación y evaluación curricular
_b: nivel introductorio
260 _a(s.l.) :
_bDepartamento de Planeación y Evaluación Curricular,
_c1978
300 _apág. varia
590 _aBATCH-UPD
_b10
_c20130110
_lUCH01
_h0935
590 _aBATCH-UPD
_b10
_c20130410
_lUCH01
_h0553
590 _aBATCH-UPD
_b10
_c20130914
_lUCH01
_h0055
590 _aCONVERSION
_b10
_c20130109
_lUCH01
_h1325
650 1 4 _aAgricultura
_xPlanes de estudio.
_91769
650 1 4 _aEducación agrícola.
_935491
650 1 4 _aEducación
_xPlanes de estudio.
_935474
901 _aBK
942 _cLIBRO
949 _a630.371 U33
_bBC
_cESP
_d-113783
_eESP
_h59025
_i50675
_mD
_si
999 _c45562
_d45562